000 00303nam a22001337a 4500
020 _a81-7008-976
082 _a530
_bJAI/P
100 _aJ.N.JAISWAL
245 _aPRACTICAL PHYSICS
_bCLASS XI
260 _aDELHI
_bLAXMI PUBLICATIONS
300 _a266
650 _aPHYSICS FOR CLASS XI
_zINDIA
942 _cBK
999 _c525
_d525